Europa y la expansion del mundo, 1415-1715 (Registro nro. 34815)

Detalles MARC
000 -ENCABEZADO
Número de control [NR] 00970nam a2200265Ia 4500
008 - DE LONGITUD FIJA DE DATOS DE ELEMENTOS - INFORMACIÓN GENERAL
Elementos de longitud fija [NR] 130821s1968 mx gr spa
040 ## - FUENTE DE CATALOGACION [NR]
Agencia de catalogación original [NR] Co-BoUCM
Idioma de catalogación [NR] spa
041 00 - CODIGO DE IDIOMA [R]
Código de idioma para texto/pista de sonido o título separado [R] Español
100 ## - ASIENTO PRINCIPAL--NOMBRE PERSONAL [NR]
Nombre personal [NR] Parry, J.H.
ID Autoridad 158830
245 00 - MENCION DE TITULO [NR]
Título [NR] Europa y la expansion del mundo, 1415-1715
Mención de responsabilidad, etc. [NR] Por J.H. Parry, traducción al español María Teresa Fernández
250 ## - MENCION DE EDICION [NR]
Mención de edición [NR] 3a.ed.
260 ## - PUBLICACION, DISTRIBUCION, ETC. (PIE DE IMPRENTA) [R]
Lugar de publicación, distribución, etc. [R] México D.F. (México)
Nombre del editor, distribuidor, etc. [R] Fondo de Cultura Económica
Fecha de publicación, distribución, etc. [R] 1968
300 ## - DESCRIPCION FISICA [R]
Extensión [R] 235 páginas
490 ## - MENCION DE SERIE [R]
Mención de serie [R] Breviarios del Fondo de Cultura Económica
Designación numérica/secuencial del volumen [NR] 60
504 ## - NOTA DE BIBLIOGRAFIA, ETC. [R]
Nota de bibliografía, etc. [NR]
650 04 - ASIENTO SECUNDARIO DE MATERIA - TERMINO TEMATICO [R]
Término temático o nombre geográfico como elemento de entrada [NR] Cruzadas
9 (RLIN) 12235
650 04 - ASIENTO SECUNDARIO DE MATERIA - TERMINO TEMATICO [R]
Término temático o nombre geográfico como elemento de entrada [NR] Historia de Europa
9 (RLIN) 26509
650 04 - ASIENTO SECUNDARIO DE MATERIA - TERMINO TEMATICO [R]
Término temático o nombre geográfico como elemento de entrada [NR] Historia medieval
9 (RLIN) 16940
651 ## - ASIENTO SECUNDARIO DE MATERIA - NOMBRE GEOGRAFICO [R]
Nombre geográfico [NR] Europa
Subdivisión general [R] Historia
Subdivisión cronológica [R] 1415-1715
9 (RLIN) 26622
651 ## - ASIENTO SECUNDARIO DE MATERIA - NOMBRE GEOGRAFICO [R]
Nombre geográfico [NR] Europa
Subdivisión general [R] Historia
Subdivisión cronológica [R] Siglo XV
9 (RLIN) 26622
700 ## - ASIENTO SECUNDARIO - NOMBRE PERSONAL [R]
Nombre personal [NR] FERNANDEZ, Maria Teresa; Trad.
9 (RLIN) 158831
765 ## - ASIENTO DE IDIOMA ORIGINAL [R]
Título [NR] Europe and a Winder World 1415-1715
942 ## - ELEMENTOS DE ENTRADA AGREGADOS (KOHA)
Tipo de ítem principal el descrito en 300a Libro
Tema principal Historia
Edición 3
Parte restante de la signatura top. P264E
Sistema de clasificación DEWEY
Clasificación 940.2
Existencias
Fecha de último préstamo Total préstamos Total Renewals Signatura topográfica Código de barras Última vez visto Volúmen / Fascículo Ejemplar Price effective from Tipo de ítem Perdido Sistema de clasificación Dañado No prestable Tipo de ítem específico Suprimido Ubicación habitual Ubicación actual Localización Fecha de creación Forma de adquisición Costo
27/02/2020 15 1 940.2 P264E 100073177 09/12/2025 3A.ED. Ej.2 03/02/2013 Libro   DEWEY     Libro   Claustro Claustro 2do piso 28/02/2005 Donación 26000.00